| 000 | 00840nam a2200229Ii 4500 | ||
|---|---|---|---|
| 003 | JO-AjNU | ||
| 008 | 230605s9999||||xx |||||||||||||| ||und|| | ||
| 017 | _a1997/10277 | ||
| 020 | _a977-01-5428-8 | ||
| 040 |
_aJO-AjNU _bara _erda _cJO-AjNU |
||
| 041 | _aara | ||
| 050 | 1 | 4 | _aDT107.4.K712 1997 |
| 100 | 3 |
_aتاليف كرومر، لورد؛ ترجمة عرابي، عبد العزيز؛ تقديم مرقص، يواقيم رزق, _eauthor _915352 |
|
| 245 | 0 | 0 | _aالثورة العرابية |
| 264 | 3 | 1 | _aالقاهرة: الهيئة المصرية العامة للكتاب، 1997 |
| 300 | _a247ص | ||
| 336 |
_atext _btxt _2rdacontent |
||
| 337 |
_aunmediated _bn _2rdamedia |
||
| 338 |
_avolume _bnc _2rdacarrier |
||
| 490 | 0 | _aالالف كتاب الثاني | |
| 650 | 4 |
_aالثورة العرابية-مصر-تاريخ _915353 |
|
| 999 |
_aA4315 _c7883 _d7883 |
||